[Event "Rochefort 2017 - Accession - 18/02/17 - "]
[Site "Palais des congrès"]
[Date "2017.02.18"]
[Round "3.6"]
[White "Banana, Adnane"]
[Black "Schegerin, Andre"]
[Result "1-0"]
[WhiteElo "1861"]
[BlackElo "1724"]
[PlyCount "77"]
[EventDate "2017.??.??"]

1. e4 e5 2. Nf3 Nc6 3. Bb5 a6 4. Bxc6 dxc6 5. O-O f6 6. d4 exd4 7. Nxd4 c5 8.
Ne2 Bg4 9. f3 Qxd1 10. Rxd1 Bd7 11. Bf4 O-O-O 12. Nbc3 Ne7 13. Nd5 Nxd5 14.
Rxd5 Be7 15. Rad1 Be6 16. Rxd8+ Rxd8 17. Rxd8+ Kxd8 18. a3 Bd6 19. Kf2 Kd7 20.
Ke3 b5 21. Bxd6 cxd6 22. b4 Kc6 23. Nf4 Bf7 24. c3 g6 25. g3 g5 26. Nd3 c4 27.
Nf2 h5 28. h4 Kd7 29. Kd4 Be6 30. Nd1 gxh4 31. gxh4 f5 32. e5 Kc6 33. f4 Bd5
34. Ne3 Be4 35. Nf1 Bf3 36. Ne3 Be4 37. e6 Bd3 38. Nd5 Be4 39. Nf6 1-0

[Event "Rochefort 2017 - Accession - 18/02/17 - "]
[Site "Palais des congrès"]
[Date "2017.02.18"]
[Round "3.7"]
[White "Grandmougin, Olivier"]
[Black "Gobbetto, Jean-Claude"]
[Result "1/2-1/2"]
[WhiteElo "1842"]
[BlackElo "1693"]
[PlyCount "70"]
[EventDate "2017.??.??"]

1. f4 b6 2. e4 e6 3. d4 d5 4. e5 Ba6 5. Bxa6 Nxa6 6. c3 Qd7 7. Qd3 Nb8 8. Ne2
Ne7 9. O-O h5 10. a4 a5 11. b3 Nf5 12. Ng3 Nxg3 13. Qxg3 g6 14. Be3 Nc6 15. Nd2
Ne7 16. Qf3 Nf5 17. c4 Bb4 18. Rfd1 Rd8 19. Rac1 Nxe3 20. Qxe3 c5 21. Kh1 cxd4
22. Qxd4 Bc5 23. Qd3 dxc4 24. Qxc4 Qd3 25. Qxd3 Rxd3 26. Ne4 Rxd1+ 27. Rxd1 Ke7
28. g3 Rd8 29. Rxd8 Kxd8 30. Kg2 Bb4 31. Kf3 Ke7 32. Ke3 Kd7 33. Kd4 Be7 34.
Kc4 Kc6 35. h3 Bd8 1/2-1/2

[Event "Rochefort 2017 - Accession - 18/02/17 - "]
[Site "Palais des congrès"]
[Date "2017.02.18"]
[Round "3.8"]
[White "Navrotescu, Vlad-Andrei"]
[Black "Fernandez, Leon"]
[Result "0-1"]
[WhiteElo "1747"]
[BlackElo "1840"]
[PlyCount "46"]
[EventDate "2017.??.??"]

1. d4 Nf6 2. Nf3 g6 3. c4 Bg7 4. Nc3 d5 5. Bg5 Ne4 6. Bh4 Nxc3 7. bxc3 c5 8. e3
Nc6 9. Qb3 dxc4 10. Bxc4 O-O 11. Ng5 Qe8 12. Qa3 h6 13. Nxf7 Rxf7 14. Bxf7+
Qxf7 15. Qxc5 Bd7 16. O-O b6 17. Qa3 g5 18. Bg3 Na5 19. Rfd1 Nc4 20. Qa6 Bc6
21. Rd3 Qd5 22. f3 Bb5 23. e4 Qd7 0-1

[Event "Rochefort 2017 - Accession - 18/02/17 - "]
[Site "Palais des congrès"]
[Date "2017.02.18"]
[Round "3.9"]
[White "Salgues, Michel"]
[Black "Della Ragione, Enzo"]
[Result "1/2-1/2"]
[WhiteElo "1821"]
[BlackElo "1623"]
[PlyCount "64"]
[EventDate "2017.??.??"]

1. e4 d6 2. d4 Nf6 3. Nc3 g6 4. h3 c6 5. Bg5 Nbd7 6. Qd2 b5 7. b4 a6 8. f4 h6
9. Bh4 e5 10. dxe5 dxe5 11. fxe5 Nxe4 12. Qf4 Ng5 13. O-O-O Ne6 14. Qe4 Qc7 15.
Nf3 Bb7 16. Nd4 Nxd4 17. Qxd4 Bg7 18. Bf6 Bxf6 19. exf6 O-O-O 20. Ne4 Nb6 21.
Nd6+ Kb8 22. Qe5 Rhe8 23. Qxe8 Rxe8 24. Nxe8 Qf4+ 25. Rd2 Nc4 26. Bxc4 bxc4 27.
c3 Qe5 28. Rd8+ Ka7 29. Rhd1 Qxc3+ 30. Kb1 Qxb4+ 31. Kc2 Qa4+ 32. Kb2 Qb4+
1/2-1/2

[Event "Rochefort 2017 - Accession - 18/02/17 - "]
[Site "Palais des congrès"]
[Date "2017.02.18"]
[Round "3.10"]
[White "Tortorici, Richard"]
[Black "Lauron, Wesley"]
[Result "0-1"]
[WhiteElo "1724"]
[BlackElo "1796"]
[PlyCount "78"]
[EventDate "2017.??.??"]

1. e4 Nc6 2. Nc3 e5 3. Bc4 Bc5 4. Qg4 Kf8 5. Qg3 d6 6. Nge2 h5 7. Na4 Bb6 8.
Nxb6 axb6 9. O-O h4 10. Qc3 Qf6 11. f4 exf4 12. Rxf4 Qxc3 13. bxc3 Ne5 14. Bb3
Nf6 15. d4 Nc6 16. Rf1 Na5 17. Bxf7 Bg4 18. e5 Bxe2 19. Rf2 Kxf7 20. exf6 Ba6
21. fxg7+ Kxg7 22. Bg5 Rhf8 23. Bxh4 Rxf2 24. Bxf2 Re8 25. Re1 Rxe1+ 26. Bxe1
Kf7 27. Bh4 Ke6 28. Kf2 Bc4 29. g4 Bxa2 30. Ke2 Bc4+ 31. Ke3 Nc6 32. Bg5 Ne7
33. h4 Nd5+ 34. Kd2 b5 35. Bd8 c5 36. g5 Kd7 37. Ba5 b6 38. Bxb6 Nxb6 39. dxc5
dxc5 0-1

[Event "Rochefort 2017 - Accession - 18/02/17 - "]
[Site "Palais des congrès"]
[Date "2017.02.18"]
[Round "4.1"]
[White "Lauron, Wesley"]
[Black "Baron, Daniel"]
[Result "1-0"]
[WhiteElo "1796"]
[BlackElo "1975"]
[PlyCount "49"]
[EventDate "2017.??.??"]

1. Nf3 d5 2. d4 Nf6 3. g3 Bf5 4. Bg2 e6 5. c4 c6 6. Nc3 Nbd7 7. cxd5 cxd5 8.
Bf4 Be7 9. O-O O-O 10. Nh4 Bg4 11. h3 Bh5 12. Nf3 h6 13. Rc1 a6 14. Ne5 Nxe5
15. dxe5 Nd7 16. g4 Bg6 17. e4 dxe4 18. Nxe4 Rc8 19. Nd6 Rxc1 20. Qxc1 Bxd6 21.
exd6 b6 22. Qc7 f5 23. Bc6 Nc5 24. Be5 fxg4 25. Qxg7# 1-0

[Event "Rochefort 2017 - Accession - 18/02/17 - "]
[Site "Palais des congrès"]
[Date "2017.02.18"]
[Round "4.2"]
[White "Delabbey, Florian"]
[Black "Rocq, Christian"]
[Result "1/2-1/2"]
[WhiteElo "1922"]
[BlackElo "1781"]
[PlyCount "34"]
[EventDate "2017.??.??"]

1. e4 e6 2. d4 d5 3. Nd2 c5 4. exd5 Qxd5 5. Ngf3 cxd4 6. Bc4 Qd6 7. O-O Nf6 8.
Nb3 Nc6 9. Nbxd4 Nxd4 10. Qxd4 Qxd4 11. Nxd4 a6 12. Be2 e5 13. Nf3 Bd6 14. Bg5
Bf5 15. Rad1 Rd8 16. Bd3 Bg4 17. Rfe1 Bxf3 1/2-1/2

[Event "Rochefort 2017 - Accession - 18/02/17 - "]
[Site "Palais des congrès"]
[Date "2017.02.18"]
[Round "4.3"]
[White "Pascal, Jonathan"]
[Black "Lucbernet, Thomas"]
[Result "1-0"]
[WhiteElo "1783"]
[BlackElo "1916"]
[PlyCount "93"]
[EventDate "2017.??.??"]

1. d4 Nf6 2. c4 e6 3. g3 d5 4. Bg2 Be7 5. Nf3 O-O 6. O-O dxc4 7. Ne5 c5 8. dxc5
Qc7 9. Nxc4 Qxc5 10. b3 Rd8 11. Qc2 Qc7 12. Nc3 Nd5 13. Nxd5 exd5 14. Ne3 Qxc2
15. Nxc2 Bf6 16. Rb1 Bf5 17. e4 dxe4 18. Ne3 Bg6 19. Ba3 Nc6 20. Rbd1 Nd4 21.
Kh1 Nf3 22. Nd5 Be5 23. h4 f5 24. Bxf3 exf3 25. Rfe1 Re8 26. Ne7+ Kf7 27. Rxe5
Rad8 28. Ree1 Rxd1 29. Rxd1 Rxe7 30. Bxe7 Kxe7 31. Kg1 f4 32. g4 Kf6 33. Rd4 h5
34. Rxf4+ Ke5 35. Rxf3 hxg4 36. Rf8 Be4 37. Kh2 g6 38. Kg3 Bf3 39. Rf4 Bd1 40.
Rxg4 Bxg4 41. Kxg4 a6 42. b4 b6 43. a3 Ke6 44. Kg5 Kf7 45. a4 a5 46. b5 Kg7 47.
f4 1-0

[Event "Rochefort 2017 - Accession - 18/02/17 - "]
[Site "Palais des congrès"]
[Date "2017.02.18"]
[Round "4.4"]
[White "Daignieres, Pierre"]
[Black "Banana, Adnane"]
[Result "1-0"]
[WhiteElo "1775"]
[BlackElo "1861"]
[PlyCount "59"]
[EventDate "2017.??.??"]

1. e4 d6 2. d4 Nf6 3. Nc3 g6 4. Bg5 Bg7 5. Qd2 h6 6. Bf4 Nbd7 7. Nf3 c5 8. d5
g5 9. Bg3 Nh5 10. Bb5 O-O 11. O-O-O a6 12. Bxd7 Bxd7 13. Kb1 b5 14. Rhe1 Nxg3
15. hxg3 b4 16. Ne2 Bg4 17. Rh1 Bxf3 18. gxf3 a5 19. g4 a4 20. f4 b3 21. fxg5
a3 22. cxb3 hxg5 23. Qxg5 Qa5 24. Rh3 axb2 25. a4 Qb4 26. Qf5 Rfb8 27. Rdh1 Kf8
28. Rh8+ Bxh8 29. Rxh8+ Kg7 30. Rh7+ 1-0

[Event "Rochefort 2017 - Accession - 18/02/17 - "]
[Site "Palais des congrès"]
[Date "2017.02.18"]
[Round "4.5"]
[White "Fernandez, Leon"]
[Black "Cazeaux, Didier"]
[Result "1/2-1/2"]
[WhiteElo "1840"]
[BlackElo "1751"]
[PlyCount "42"]
[EventDate "2017.??.??"]

1. e4 c5 2. Nf3 d6 3. c3 Nf6 4. h3 Nc6 5. Bd3 e5 6. Bc2 d5 7. d3 dxe4 8. dxe4
Qxd1+ 9. Kxd1 h6 10. Be3 Bd6 11. Nbd2 Be6 12. Ke2 O-O 13. Rhd1 Rad8 14. b3 Rd7
15. Nf1 Rfd8 16. Rd2 Bf8 17. Rad1 c4 18. b4 b5 19. Ng3 Rxd2+ 20. Rxd2 Rxd2+ 21.
Bxd2 g6 1/2-1/2

[Event "Rochefort 2017 - Accession - 18/02/17 - "]
[Site "Palais des congrès"]
[Date "2017.02.18"]
[Round "4.6"]
[White "Neau, Julien"]
[Black "Potaux, Olivier"]
[Result "1-0"]
[WhiteElo "1913"]
[BlackElo "1777"]
[PlyCount "39"]
[EventDate "2017.??.??"]

1. d4 Nf6 2. c4 e6 3. Nc3 Bb4 4. e3 b6 5. Nge2 Bb7 6. a3 Bxc3+ 7. Nxc3 a5 8. d5
d6 9. e4 e5 10. Bd3 h6 11. Bc2 Nbd7 12. Be3 Nc5 13. b4 axb4 14. axb4 Ncd7 15.
h3 O-O 16. O-O Qe7 17. Nb5 Rfc8 18. Rxa8 Bxa8 19. Qa1 c6 20. dxc6 1-0

[Event "Rochefort 2017 - Accession - 18/02/17 - "]
[Site "Palais des congrès"]
[Date "2017.02.18"]
[Round "4.7"]
[White "Marsaud, William"]
[Black "Ovsepyan, Marat"]
[Result "0-1"]
[WhiteElo "1856"]
[BlackElo "1754"]
[PlyCount "55"]
[EventDate "2017.??.??"]

1. e4 c5 2. Nf3 d6 3. d4 cxd4 4. Nxd4 Nf6 5. Nc3 g6 6. f4 Nc6 7. Be2 Bg7 8.
Nxc6 bxc6 9. e5 Ng8 10. Bc4 Nh6 11. O-O O-O 12. Qe1 dxe5 13. Be3 exf4 14. Rd1
Qa5 15. Rxf4 Nf5 16. b4 Qc7 17. Bc1 Be5 18. g3 Bxf4 19. Bxf4 Qb6+ 20. Kg2 Qxb4
21. Bb3 Nh4+ 22. Kf2 Qc5+ 23. Qe3 Qxe3+ 24. Bxe3 Nf5 25. Bc5 Be6 26. g4 Bxb3
27. cxb3 Nh6 28. h3 0-1

[Event "Rochefort 2017 - Accession - 18/02/17 - "]
[Site "Palais des congrès"]
[Date "2017.02.18"]
[Round "4.8"]
[White "Rzin, Mehdi"]
[Black "Darrigues, Alain"]
[Result "1-0"]
[WhiteElo "1761"]
[BlackElo "1855"]
[PlyCount "37"]
[EventDate "2017.??.??"]

1. e4 c5 2. Nf3 d6 3. d4 cxd4 4. Nxd4 Nf6 5. Nc3 a6 6. Bg5 e6 7. f4 Be7 8. Qf3
Qc7 9. O-O-O Nbd7 10. g4 b5 11. Bxf6 Nxf6 12. g5 Nd7 13. f5 Nc5 14. f6 Bf8 15.
Bxb5+ axb5 16. Ndxb5 Qd8 17. fxg7 Qxg5+ 18. Kb1 Qxg7 19. Nxd6+ 1-0

[Event "Rochefort 2017 - Accession - 18/02/17 - "]
[Site "Palais des congrès"]
[Date "2017.02.18"]
[Round "4.9"]
[White "Gallet, Gilles"]
[Black "Grandmougin, Olivier"]
[Result "0-1"]
[WhiteElo "1685"]
[BlackElo "1842"]
[PlyCount "64"]
[EventDate "2017.??.??"]

1. d4 Nf6 2. Nf3 e6 3. Bg5 c5 4. e3 cxd4 5. exd4 Be7 6. Nbd2 h6 7. Bf4 O-O 8.
Bd3 Nc6 9. c3 Nd5 10. Bg3 f5 11. h3 d6 12. O-O f4 13. Bh2 Bf6 14. Re1 g5 15.
Qe2 Bg7 16. a3 e5 17. c4 Nf6 18. dxe5 dxe5 19. Rad1 g4 20. hxg4 Bxg4 21. Ne4
Nd4 22. Nxf6+ Qxf6 23. Qe4 Nxf3+ 24. gxf3 Bf5 25. Qd5+ Kh8 26. Bxf5 Qxf5 27.
Qxb7 Rab8 28. Qxa7 Rxb2 29. Rd7 Rg8 30. Kg2 Qg6+ 31. Kh1 Rb1 32. Qa5 Bf6 0-1

[Event "Rochefort 2017 - Accession - 18/02/17 - "]
[Site "Palais des congrès"]
[Date "2017.02.18"]
[Round "4.10"]
[White "Orlovic, Isa"]
[Black "Moldovean, Ioana"]
[Result "1/2-1/2"]
[WhiteElo "1827"]
[BlackElo "1708"]
[PlyCount "35"]
[EventDate "2017.??.??"]

1. Nf3 Nf6 2. c4 c5 3. g3 b6 4. Bg2 Bb7 5. Nc3 e6 6. O-O Be7 7. d3 O-O 8. Bf4
d5 9. Nb5 Na6 10. Nd2 Qd7 11. Qc1 dxc4 12. Bxb7 Qxb7 13. Nxc4 Nd5 14. a3 Qd7
15. Nc3 Nac7 16. Bxc7 Nxc3 17. bxc3 Qxc7 18. Qf4 1/2-1/2

[Event "Rochefort 2017 - Accession - 18/02/17 - "]
[Site "Palais des congrès"]
[Date "2017.02.18"]
[Round "5.1"]
[White "Pascal, Jonathan"]
[Black "Lauron, Wesley"]
[Result "0-1"]
[WhiteElo "1783"]
[BlackElo "1796"]
[PlyCount "102"]
[EventDate "2017.??.??"]

1. e4 e5 2. Nf3 Nc6 3. Bc4 Bc5 4. O-O Nf6 5. d3 d6 6. c3 O-O 7. h3 h6 8. Nbd2
a6 9. Bb3 b5 10. Re1 Bb7 11. Nf1 Ne7 12. Ng3 Bb6 13. Nh4 Bc8 14. Qf3 Ne8 15.
Nhf5 Nxf5 16. exf5 Rb8 17. Nh5 Nf6 18. Nxf6+ Qxf6 19. g4 Qh4 20. Be3 Bb7 21.
Qg3 Qxg3+ 22. fxg3 Bxe3+ 23. Rxe3 Rfe8 24. Rae1 Kf8 25. h4 f6 26. Be6 Bc8 27.
Bxc8 Rbxc8 28. Kf2 d5 29. g5 Kf7 30. g6+ Ke7 31. g4 c5 32. g5 h5 33. gxf6+ Kxf6
34. Rg1 c4 35. Rg5 d4 36. Rf3 e4 37. dxe4 Rxe4 38. cxd4 Rxh4 39. Rg2 Rxd4 40.
Kg3 Rg4+ 41. Kf2 Rxg2+ 42. Kxg2 Re8 43. Ra3 Kxf5 44. Rxa6 Re2+ 45. Kf3 Rxb2 46.
Ke3 h4 47. Kd4 h3 48. Ra8 Rh2 49. Rh8 Kxg6 50. a4 bxa4 51. Kxc4 a3 0-1

[Event "Rochefort 2017 - Accession - 18/02/17 - "]
[Site "Palais des congrès"]
[Date "2017.02.18"]
[Round "5.2"]
[White "Delabbey, Florian"]
[Black "Daignieres, Pierre"]
[Result "1-0"]
[WhiteElo "1922"]
[BlackElo "1775"]
[PlyCount "75"]
[EventDate "2017.??.??"]

1. e4 Nf6 2. e5 Nd5 3. d4 d6 4. Nf3 dxe5 5. dxe5 Bg4 6. Be2 e6 7. O-O Be7 8. c4
Nb4 9. Qb3 N8c6 10. a3 Bxf3 11. Bxf3 Nd4 12. Qa4+ b5 13. cxb5 Nxf3+ 14. gxf3
Nd5 15. Rd1 O-O 16. Nc3 Nxc3 17. bxc3 Qc8 18. Qg4 f5 19. Qc4 a6 20. a4 axb5 21.
Qxb5 c6 22. Qc4 Ra5 23. f4 Rd5 24. Be3 Rfd8 25. Rxd5 cxd5 26. Qxc8 Rxc8 27. a5
Bc5 28. a6 Bxe3 29. fxe3 Ra8 30. a7 Kf7 31. Kf2 Ke7 32. Ke2 Kd7 33. Kd3 Kc7 34.
Ra6 Kd7 35. Kd4 g6 36. Kc5 Rc8+ 37. Kb6 Rc6+ 38. Kb5 1-0

[Event "Rochefort 2017 - Accession - 18/02/17 - "]
[Site "Palais des congrès"]
[Date "2017.02.18"]
[Round "5.3"]
[White "Rocq, Christian"]
[Black "Neau, Julien"]
[Result "0-1"]
[WhiteElo "1781"]
[BlackElo "1913"]
[PlyCount "80"]
[EventDate "2017.??.??"]

1. d4 Nf6 2. c4 g6 3. Nc3 Bg7 4. e4 O-O 5. Nf3 d6 6. h3 e5 7. d5 Na6 8. Bg5 h6
9. Be3 Nc5 10. Nd2 a5 11. g4 c6 12. Be2 cxd5 13. cxd5 Bd7 14. g5 hxg5 15. Bxg5
b5 16. a4 bxa4 17. Bg4 Nd3+ 18. Kf1 Qb6 19. Qf3 Nf4 20. Bxd7 Nxd7 21. Nxa4 Qb5+
22. Kg1 Ne2+ 23. Kh2 Nd4 24. Qd1 Qd3 25. Ra3 Qa6 26. h4 f6 27. Be3 f5 28. exf5
Rxf5 29. Rg1 Raf8 30. Qg4 R8f6 31. Ne4 Nf3+ 32. Kh1 Nxg1 33. Nxf6+ Nxf6 34.
Qxg1 Rh5 35. Bg5 Nxd5 36. Nc3 Nf4 37. Ne4 Qb7 38. Qe1 Bh6 39. Kg1 Bxg5 40. hxg5
Rxg5+ 0-1

[Event "Rochefort 2017 - Accession - 18/02/17 - "]
[Site "Palais des congrès"]
[Date "2017.02.18"]
[Round "5.4"]
[White "Grandmougin, Olivier"]
[Black "Rzin, Mehdi"]
[Result "1-0"]
[WhiteElo "1842"]
[BlackElo "1761"]
[PlyCount "81"]
[EventDate "2017.??.??"]

1. f4 d5 2. Nf3 Nf6 3. e3 Bg4 4. b3 e6 5. Bb2 Bd6 6. h3 Bxf3 7. Qxf3 h5 8. g4
hxg4 9. hxg4 Rxh1 10. Qxh1 Nxg4 11. Bxg7 Nd7 12. Be2 Ngf6 13. Nc3 Bf8 14. Qh8
Qe7 15. Nb5 O-O-O 16. Bxf6 Nxf6 17. Nxa7+ Kb8 18. Nb5 Ne8 19. O-O-O Bg7 20. Qh2
c6 21. Nc3 Qa3+ 22. Kb1 d4 23. f5+ Kc8 24. exd4 Rxd4 25. fxe6 fxe6 26. Qh5 Nd6
27. Qg6 Nf5 28. Qxe6+ Kb8 29. Qxf5 Rd5 30. Qf4+ Be5 31. Qa4 Qxa4 32. Nxa4 Kc7
33. c4 Rd8 34. Nc3 Bd4 35. Kc2 Kd6 36. b4 Re8 37. c5+ Kc7 38. Bc4 Rf8 39. Rf1
Rh8 40. Rf7+ Kb8 41. Ne4 1-0

[Event "Rochefort 2017 - Accession - 18/02/17 - "]
[Site "Palais des congrès"]
[Date "2017.02.18"]
[Round "5.5"]
[White "Ovsepyan, Marat"]
[Black "Fernandez, Leon"]
[Result "1-0"]
[WhiteElo "1754"]
[BlackElo "1840"]
[PlyCount "94"]
[EventDate "2017.??.??"]

1. d4 Nf6 2. Nc3 d5 3. Bg5 Ne4 4. Nxe4 dxe4 5. g3 g6 6. Bg2 Bf5 7. h4 Bg7 8. c3
Nd7 9. e3 h5 10. f3 exf3 11. Bxf3 c6 12. e4 Be6 13. Ne2 Nb6 14. Nf4 Bc8 15. Nd3
O-O 16. Qe2 Nc4 17. Nf4 Nd6 18. e5 Nf5 19. Rg1 c5 20. d5 Qe8 21. Nxh5 gxh5 22.
Bxh5 Qd7 23. g4 Nh6 24. Qe3 Kh7 25. Qd3+ Kh8 26. Bxh6 Bxh6 27. Bxf7 Rxf7 28. e6
Qe8 29. exf7 Qxf7 30. g5 Bg7 31. Rf1 Qh5 32. Kd2 Bd7 33. Qe4 Re8 34. Rae1 Qh7
35. Qxh7+ Kxh7 36. Rf7 Kg6 37. Rfxe7 Rxe7 38. Rxe7 Bg4 39. d6 Bf8 40. Rxb7 Bxd6
41. Rxa7 Bf4+ 42. Kd3 Bf5+ 43. Kc4 Kh5 44. Ra5 Kxh4 45. Kxc5 Kxg5 46. b4 Kf6
47. Kd4 Bc7 1-0

[Event "Rochefort 2017 - Accession - 18/02/17 - "]
[Site "Palais des congrès"]
[Date "2017.02.18"]
[Round "5.6"]
[White "Cazeaux, Didier"]
[Black "Mace, Emmanuel"]
[Result "1/2-1/2"]
[WhiteElo "1751"]
[BlackElo "1791"]
[PlyCount "58"]
[EventDate "2017.??.??"]

1. e4 e5 2. Nf3 Nc6 3. Bc4 Nf6 4. Ng5 d5 5. exd5 b5 6. Bf1 Nxd5 7. Bxb5 Bb7 8.
d4 exd4 9. O-O Qd7 10. Qf3 f6 11. Re1+ Be7 12. Ne6 Kf7 13. Qg4 g6 14. Ng5+ Ke8
15. Ne6 f5 16. Qxd4 Nxd4 17. Bxd7+ Kxd7 18. Nxd4 Bf6 19. Nb3 Rhe8 20. Rd1 Kc6
21. Na5+ Kb6 22. Nxb7 Kxb7 23. Na3 Nb6 24. Kf1 Rad8 25. Rxd8 Rxd8 26. Ke2 Re8+
27. Kd1 Rd8+ 28. Ke2 Re8+ 29. Kd1 Rd8+ 1/2-1/2

[Event "Rochefort 2017 - Accession - 18/02/17 - "]
[Site "Palais des congrès"]
[Date "2017.02.18"]
[Round "5.7"]
[White "Baron, Daniel"]
[Black "Schegerin, Andre"]
[Result "1-0"]
[WhiteElo "1975"]
[BlackElo "1724"]
[PlyCount "57"]
[EventDate "2017.??.??"]

1. Nf3 f5 2. g3 Nf6 3. Bg2 d6 4. d4 g6 5. O-O Bg7 6. c4 O-O 7. b4 c6 8. Bb2 Qc7
9. Nbd2 Re8 10. Re1 Ne4 11. Nxe4 fxe4 12. Nd2 c5 13. bxc5 dxc5 14. Nxe4 cxd4
15. Qb3 e5 16. Ng5 Nc6 17. Bd5+ Kh8 18. Nf7+ Kg8 19. Nd6+ Be6 20. Nxe8 Rxe8 21.
e3 Bxd5 22. cxd5 Na5 23. Qa4 Rd8 24. exd4 exd4 25. Rac1 Qb6 26. Re8+ Kf7 27.
Rxd8 Qxd8 28. Bxd4 Bxd4 29. Qxd4 1-0

[Event "Rochefort 2017 - Accession - 18/02/17 - "]
[Site "Palais des congrès"]
[Date "2017.02.18"]
[Round "5.8"]
[White "Lucbernet, Thomas"]
[Black "Mallet, Gregoire"]
[Result "1-0"]
[WhiteElo "1916"]
[BlackElo "1715"]
[PlyCount "53"]
[EventDate "2017.??.??"]

1. e4 c6 2. d4 d5 3. e5 Bf5 4. Be3 e6 5. Nf3 Nd7 6. Be2 Rc8 7. O-O Ne7 8. Nbd2
Qc7 9. Rc1 b5 10. b3 b4 11. c4 bxc3 12. Rxc3 Qa5 13. b4 Qxb4 14. Rb3 Qa5 15.
Rb7 Qxa2 16. Qa1 Qxa1 17. Rxa1 Ra8 18. Raxa7 Rxa7 19. Rxa7 Nb6 20. Ba6 f6 21.
Nb3 Bc2 22. Nc5 Kf7 23. h4 Bd1 24. Bf4 Bxf3 25. gxf3 g5 26. exf6 Kxf6 27. Be5+
1-0

[Event "Rochefort 2017 - Accession - 18/02/17 - "]
[Site "Palais des congrès"]
[Date "2017.02.18"]
[Round "5.9"]
[White "Bleau, Adrien"]
[Black "Ljutovac, Sreten"]
[Result "0-1"]
[WhiteElo "1883"]
[BlackElo "1707"]
[PlyCount "33"]
[EventDate "2017.??.??"]

1. e4 d5 2. exd5 Nf6 3. Nf3 Bg4 4. d4 Qxd5 5. Be2 Nc6 6. c4 Qh5 7. O-O O-O-O 8.
Be3 e5 9. d5 e4 10. Nd4 Nxd4 11. Bxg4+ Nxg4 12. h3 Nf3+ 13. gxf3 Nxe3 14. fxe3
Qxh3 15. Qe2 Rd6 16. Qh2 Rg6+ 17. Kh1 0-1

[Event "Rochefort 2017 - Accession - 18/02/17 - "]
[Site "Palais des congrès"]
[Date "2017.02.18"]
[Round "5.10"]
[White "Moldovean, Ioana"]
[Black "Augereau, Cyrille"]
[Result "1-0"]
[WhiteElo "1708"]
[BlackElo "1882"]
[PlyCount "55"]
[EventDate "2017.??.??"]

1. d4 d5 2. Nf3 c6 3. Bf4 Qb6 4. Qc1 Nf6 5. e3 Bf5 6. Be2 e6 7. O-O Nh5 8. Bxb8
Rxb8 9. Nh4 Bg6 10. Nd2 Be7 11. Nxg6 hxg6 12. c4 Nf6 13. cxd5 exd5 14. Qc2 Bd6
15. g3 Kd7 16. e4 Qxd4 17. exd5 Nxd5 18. Rad1 Qf6 19. Ne4 Qf5 20. Qc4 Qh3 21.
Bg4+ Qxg4 22. Nc5+ Bxc5 23. Qxg4+ Kc7 24. Qc4 Kd6 25. b4 Bb6 26. Qf4+ Kd7 27.
Qxf7+ Kd6 28. Rfe1 1-0

[Event "Rochefort 2017 - Accession - 18/02/17 - "]
[Site "Palais des congrès"]
[Date "2017.02.18"]
[Round "6.1"]
[White "Lauron, Wesley"]
[Black "Grandmougin, Olivier"]
[Result "1-0"]
[WhiteElo "1796"]
[BlackElo "1842"]
[PlyCount "101"]
[EventDate "2017.??.??"]

1. e4 e6 2. d4 d5 3. Nd2 c5 4. Ngf3 Nc6 5. c3 cxd4 6. cxd4 Nf6 7. e5 Nd7 8. Bd3
Be7 9. O-O O-O 10. a3 a5 11. b3 f6 12. exf6 Bxf6 13. Bb2 Qb6 14. Nb1 Qd8 15.
Re1 Re8 16. Ne5 Bxe5 17. dxe5 Qh4 18. Nd2 Rf8 19. Nf3 Qh5 20. Rc1 Nb6 21. Qe2
Bd7 22. Nd4 Qxe2 23. Rxe2 Nc8 24. Nb5 N8e7 25. Nd6 Rab8 26. a4 Be8 27. Ba3 Nd4
28. Rb2 Nec6 29. Re1 Bg6 30. Bxg6 hxg6 31. f3 Rf4 32. Kf2 b5 33. axb5 Nxb5 34.
Bc5 Nb4 35. Kg3 Nd3 36. Re3 Rxf3+ 37. Rxf3 Nxb2 38. Nxb5 Rxb5 39. Bd4 Nd1 40.
Rd3 a4 41. Rxd1 Rxb3+ 42. Kg4 a3 43. Rd2 Rb4 44. Kg5 a2 45. Ba1 Ra4 46. Rd4 Ra3
47. Kxg6 Kf8 48. Rf4+ Ke8 49. Kxg7 Rd3 50. Rf1 Rd2 51. Rg1 1-0

[Event "Rochefort 2017 - Accession - 18/02/17 - "]
[Site "Palais des congrès"]
[Date "2017.02.18"]
[Round "6.2"]
[White "Neau, Julien"]
[Black "Delabbey, Florian"]
[Result "1-0"]
[WhiteElo "1913"]
[BlackElo "1922"]
[PlyCount "39"]
[EventDate "2017.??.??"]

1. d4 d5 2. c4 dxc4 3. e3 e6 4. Bxc4 Nf6 5. Nf3 a6 6. Qe2 c5 7. dxc5 Bxc5 8.
O-O b5 9. Bd3 O-O 10. e4 Bb7 11. e5 Nd5 12. Bxh7+ Kh8 13. Be4 Nd7 14. Nc3 Nxc3
15. bxc3 Qc7 16. Ng5 g6 17. Qf3 Kg7 18. Bxb7 Nxe5 19. Qg3 Bd6 20. Bxa8 1-0

[Event "Rochefort 2017 - Accession - 18/02/17 - "]
[Site "Palais des congrès"]
[Date "2017.02.18"]
[Round "6.3"]
[White "Baron, Daniel"]
[Black "Ovsepyan, Marat"]
[Result "1/2-1/2"]
[WhiteElo "1975"]
[BlackElo "1754"]
[PlyCount "35"]
[EventDate "2017.??.??"]

1. Nf3 Nf6 2. g3 e6 3. Bg2 c5 4. O-O Be7 5. c4 O-O 6. b3 d5 7. cxd5 Nxd5 8. Bb2
Nc6 9. Nc3 Nc7 10. Rc1 b6 11. e3 Ba6 12. Ne2 Nb4 13. Ne5 Ncd5 14. a3 Nd3 15.
Nxd3 Bxd3 16. Re1 Rc8 17. e4 Nc7 18. Nf4 1/2-1/2

[Event "Rochefort 2017 - Accession - 18/02/17 - "]
[Site "Palais des congrès"]
[Date "2017.02.18"]
[Round "6.4"]
[White "Grelier, Gilles"]
[Black "Lucbernet, Thomas"]
[Result "0-1"]
[WhiteElo "1771"]
[BlackElo "1916"]
[PlyCount "92"]
[EventDate "2017.??.??"]

1. d4 Nf6 2. c4 e6 3. Nc3 Bb4 4. Qc2 d5 5. cxd5 exd5 6. Bg5 h6 7. Bh4 c5 8. a3
Bxc3+ 9. bxc3 g5 10. Bg3 Nc6 11. Nf3 Ne4 12. e3 c4 13. Nd2 Bf5 14. Nxe4 Bxe4
15. Qb2 Qe7 16. f3 Bg6 17. Bf2 O-O 18. Be2 Rae8 19. O-O f5 20. Rae1 Qd7 21. Bd1
Re7 22. Bc2 Kg7 23. Qb1 Rf6 24. h4 Ref7 25. hxg5 hxg5 26. f4 g4 27. Bh4 Re6 28.
Kf2 Re8 29. Rh1 Qd6 30. Bg5 Qxa3 31. Qa1 Qxa1 32. Rxa1 Rh8 33. Rxh8 Kxh8 34.
Ba4 Kg7 35. Bxc6 bxc6 36. Ra6 Rc7 37. Bd8 Rd7 38. Ba5 Rb7 39. Rxc6 Bf7 40. Ra6
Rb2+ 41. Kf1 g3 42. Bc7 Bh5 43. Be5+ Kg8 44. Ke1 Re2+ 45. Kf1 Rd2 46. Ke1 Rd1#
0-1

[Event "Rochefort 2017 - Accession - 18/02/17 - "]
[Site "Palais des congrès"]
[Date "2017.02.18"]
[Round "6.5"]
[White "Banana, Adnane"]
[Black "Cazeaux, Didier"]
[Result "1/2-1/2"]
[WhiteElo "1861"]
[BlackElo "1751"]
[PlyCount "56"]
[EventDate "2017.??.??"]

1. e4 c5 2. Nf3 d6 3. d4 cxd4 4. Nxd4 Nf6 5. Nc3 g6 6. Be2 Bg7 7. Be3 O-O 8. h3
Nc6 9. Qd2 d5 10. exd5 Nxd5 11. Nxd5 Qxd5 12. Bf3 Qe5 13. Nxc6 bxc6 14. O-O Ba6
15. Rfd1 Qxb2 16. Bxc6 Rac8 17. Be4 Qe5 18. f3 Qc7 19. Rab1 Rcd8 20. Qf2 Rxd1+
21. Rxd1 Bc4 22. a3 a6 23. Bb6 Qe5 24. Qc5 Qxc5+ 25. Bxc5 Bf6 26. Rd7 Bb5 27.
Rd1 Rc8 28. Bb4 e6 1/2-1/2

[Event "Rochefort 2017 - Accession - 18/02/17 - "]
[Site "Palais des congrès"]
[Date "2017.02.18"]
[Round "6.6"]
[White "Orlovic, Isa"]
[Black "Boudet, Olivier"]
[Result "1/2-1/2"]
[WhiteElo "1827"]
[BlackElo "1703"]
[PlyCount "54"]
[EventDate "2017.??.??"]

1. Nf3 Nf6 2. d4 g6 3. g3 Bg7 4. Bg2 O-O 5. O-O d6 6. Re1 c6 7. e4 Bg4 8. h3
Bxf3 9. Qxf3 e5 10. dxe5 dxe5 11. Nc3 Na6 12. Be3 Qe7 13. a3 Rfd8 14. Bf1 Nc7
15. Bc4 Ne6 16. Bxe6 Qxe6 17. g4 b6 18. Qe2 h6 19. Red1 Ne8 20. Rxd8 Rxd8 21.
f3 Qc8 22. Rd1 Rxd1+ 23. Qxd1 Bf8 24. Kg2 Qc7 25. Qd2 Kh7 26. Qe2 Qc8 27. Qd2
Qc7 1/2-1/2